Geografía : cuarto grado

Gespeichert in:
Bibliographische Detailangaben
Körperschaften: México. Secretaría de Educación Pública. Subsecretaría de Educación Básica y Normal. Dirección General de Materiales y Métodos Educativos, Comisión Nacional de Libros de Texto Gratuitos. (México)
Weitere Verfasser: Brown Dalley, Hugo A.
Format: Buch
Sprache:Spanisch
Erschienen: México : Secretaría de Educación Pública, Comisión Nacional de Libros de Texto Gratuitos, 1997
Ausgabe:2a. ed.
Katalog:MANES:  Suchergebnis im Bibliothekskatalog
Schulbuchspezifische Eigenschaften:
Schriftenreihe:Libro de texto gratuito
Tags: Tag hinzufügen
Keine Tags, Fügen Sie den ersten Tag hinzu!
Hinzugefügt zu:17.10.2005
Geändert in:08.05.2025

MARC

LEADER 00000cam a2200000 a 4500
003 OSt
005 20250508092023.0
008 051018n1997 mx 000 0 spa d
040 |a CINV  |c CINV 
020 |a 9682953561 
050 0 4 |a LTG LB1583  |b M49 4º 1997 
051 0 4 |a LTG LB1583-M49 4º 1997 
110 2 |a México.  |b Secretaría de Educación Pública.  |b Subsecretaría de Educación Básica y Normal.  |b Dirección General de Materiales y Métodos Educativos  |9 24461 
245 1 0 |a Geografía :  |b cuarto grado /  |c Hugo A. Brown Dalley...[et al.]. 
250 |a 2a. ed. 
260 |a México :  |b Secretaría de Educación Pública, Comisión Nacional de Libros de Texto Gratuitos,  |c 1997  |g (reimpresión 1999) 
300 |a 159 p.:  |b il.;27 cm. 
440 |a Libro de texto gratuito  |9 21882 
546 |a México 
561 |5 mx-CINVES  |a México. DIE-Cinvestav (Ciudad de México)  |k MANES 
691 0 |a PRI 
700 1 |a Brown Dalley, Hugo A. 
710 2 |a Comisión Nacional de Libros de Texto Gratuitos. (México)  |9 24074 
910 |a E-34916  |b Don.- 1997  |a E-34917(ej.2) 
911 |a E-34916 
942 |2 ddc  |c BK 
999 |c 54591  |d 54591 
999 |c manes:54591  |d 54591